Countries with English Premier League Managers (1992-2016) - Statistics

General Stats
  • This quiz has been taken 331 times
  • The average score is 16 of 20
Answer Stats
Number Country % Correct
7 Republic of Ireland
98%
27 Scotland
98%
5 Spain
98%
6 France
97%
9 Italy
97%
2 Portugal
96%
2 Germany
95%
7 Wales
95%
7 Netherlands
92%
1 Brazil
88%
2 Argentina
87%
5 Northern Ireland
86%
2 Norway
84%
2 Sweden
84%
1 Denmark
78%
1 Switzerland
67%
1 Chile
61%
2 Croatia
61%
1 Uruguay
49%
1 Israel
27%
No matching quizzes found
Score Distribution
Percent of People with Each Score
Percentile by Number Answered
Your Score History
You have not taken this quiz